000 00306nam a22001337a 4500
008 170209b xxu||||| |||| 00| 0 eng d
020 _a0914404741
041 _aeng
080 _a61
100 _a4
101 _aSHM
245 _aCLINICAL SERODICAL ASPEDS TRANSFUSION REACTION
_cJUDD.W
942 _2udc
_cBK
999 _c5030
_d5030